<?xml version="1.0" encoding="UTF-8"?>
<record
    xmlns:xsi="http://www.w3.org/2001/XMLSchema-instance"
    xsi:schemaLocation="http://www.loc.gov/MARC21/slim http://www.loc.gov/standards/marcxml/schema/MARC21slim.xsd"
    xmlns="http://www.loc.gov/MARC21/slim">

  <leader>00360pam a2200145 a 4500</leader>
  <datafield tag="020" ind1=" " ind2=" ">
    <subfield code="a">0306435497</subfield>
  </datafield>
  <datafield tag="082" ind1="0" ind2="0">
    <subfield code="a">541.33 MOR</subfield>
  </datafield>
  <datafield tag="100" ind1="1" ind2=" ">
    <subfield code="a">Morrison, S. Roy</subfield>
  </datafield>
  <datafield tag="245" ind1="1" ind2="4">
    <subfield code="a">The chemical physics of surfaces /</subfield>
  </datafield>
  <datafield tag="250" ind1=" " ind2=" ">
    <subfield code="a">2nd ed.</subfield>
  </datafield>
  <datafield tag="260" ind1=" " ind2=" ">
    <subfield code="a">New York :</subfield>
    <subfield code="b">Plenum Press,</subfield>
    <subfield code="c">c1990.</subfield>
  </datafield>
  <datafield tag="300" ind1=" " ind2=" ">
    <subfield code="a">xviii, 438 p. :</subfield>
    <subfield code="b">ill. ;</subfield>
  </datafield>
  <datafield tag="650" ind1=" " ind2="0">
    <subfield code="a">Surface chemistry.</subfield>
  </datafield>
  <datafield tag="942" ind1=" " ind2=" ">
    <subfield code="c">REF</subfield>
  </datafield>
  <datafield tag="999" ind1=" " ind2=" ">
    <subfield code="c">3622</subfield>
    <subfield code="d">3622</subfield>
  </datafield>
  <datafield tag="952" ind1=" " ind2=" ">
    <subfield code="0">0</subfield>
    <subfield code="1">0</subfield>
    <subfield code="7">0</subfield>
    <subfield code="8">NFIC</subfield>
    <subfield code="a">IC</subfield>
    <subfield code="b">IC</subfield>
    <subfield code="c">GEN</subfield>
    <subfield code="d">2016-09-30</subfield>
    <subfield code="l">0</subfield>
    <subfield code="o">541.33 MOR</subfield>
    <subfield code="p">003695</subfield>
    <subfield code="r">2016-09-30 00:00:00</subfield>
    <subfield code="w">2016-09-30</subfield>
    <subfield code="y">REF</subfield>
  </datafield>
</record>
